000
00411nam a2200157Ia 4500
008
100122s9999 xx 000 0 und d
082
_b
23705
_a
823
100
_a
परांजपे शकुंतला
245
_a
घराचा मालक
250
_a
0
260
_c
1969
300
_a
50
630
_a
घराचा मालक
730
_a
घराचा मालक
942
_c
BOOK
999
_c
411237
_d
411234